|
|
|
|
| LEADER |
00000nab a2200000 a 4500 |
| 001 |
vtls000082732 |
| 003 |
SK-MaSNL |
| 005 |
20260303031834.0 |
| 008 |
111031c1980 xo 0 slo |
| 015 |
|
|
|a SNBRA19rr/mm-uuuuu
|
| 035 |
|
|
|a CL0092834
|
| 040 |
|
|
|a SNKBUCL
|b slo
|c SNKBUCL
|e AACR2
|
| 041 |
0 |
|
|a slo
|
| 044 |
|
|
|a xo
|c SK
|
| 080 |
|
|
|a 633.2/.3
|2 1981
|
| 080 |
|
|
|a 631.8
|2 1981
|
| 100 |
1 |
|
|a Podolák, Michal
|4 aut
|9 514658
|
| 245 |
1 |
0 |
|a Vplyv dávok dusíka na niektoré faktory kvality silážnej kukurice v kukuričnej výrobnej oblasti
|c Michal Podolák
|
| 300 |
|
|
|b Tb. 4. Graf 1. Res. angl., rus.
|
| 650 |
0 |
7 |
|a kukurica na siláž
|2 snkbucl
|9 925333
|
| 650 |
0 |
7 |
|a dusíkaté hnojivá
|2 snkbucl
|9 17141
|
| 655 |
|
7 |
|a články zo zborníkov
|2 snkbucl
|9 166140
|
| 773 |
0 |
|
|t Vedecké práce Výskumného ústavu kukurice v Trnave 9
|d Bratislava : Príroda, 1980
|g S. 109-118
|
| 850 |
|
|
|a Slovenská národná knižnica v Martine
|a MTA001
|
| 852 |
|
|
|a SNK
|b KIS3GCP
|
| 958 |
|
|
|a RK
|
| 992 |
|
|
|a RZB
|
| 999 |
|
|
|c 1660613
|d 1662543
|